| 000 | 00333nam a2200133Ia 4500 | ||
|---|---|---|---|
| 008 | 210210b1965 xxu||||| |||| 00| 0 eng d | ||
| 082 | _a310/206 | ||
| 100 | _aSHAH, A B and RAO, C R. | ||
| 245 | _aTradition and modernity in india. | ||
| 260 |
_aBombay _bManaktalas., _c1965 |
||
| 300 | _a186 | ||
| 690 | _aSociology | ||
| 906 | _a001706 | ||
| 999 |
_c77829 _d77829 |
||